000 00296 a2200121 4500
001 12893
082 _a621.38412ZHA
090 _c9871
_d9871
100 _aZhang,X
245 _aDesign of Linear RF Outphasing Power Amplifiers
260 _aLONDON
_bArtech House
_c2003
300 _axiii, 200
942 _aNUST-CAE
_k621.38412ZHA
999 _c247966
_d247966